| 000 | 00362nam a22001457a 4500 | ||
|---|---|---|---|
| 005 | 20160316070639.0 | ||
| 008 | 041103s2004 nyua bp 001 0 eng d | ||
| 020 | _a9780071432429 | ||
| 020 | _a0071432426 | ||
| 041 | _aeng | ||
| 080 | _a519.24 | ||
| 245 | 1 | 0 |
_aAdvanced statistics demystified / _cLarry J. Stephens. |
| 504 | _aBibliografin f.317 | ||
| 942 |
_2udc _cBK |
||
| 999 |
_c425 _d425 |
||